Responses for show #8254 - Thursday, October 8, 2020

Kevin Walsh game 1.

Contestants

[<< previous game]

Amy Judd Lieberman, an attorney originally from Quakertown, Pennsylvania

Kevin Walsh, a story analyst originally from Williamstown, New Jersey

Garrett Marcotte, a software engineer from Santa Monica, California (whose 3-day cash winnings total $63,700)

[next game >>]

Jeopardy! Round responses

THE $1 BILL
BEER/ME!
WORD ORIGINS
SPORTS AWARDS
(Alex: We'll give you the sports awards; you name the sport for us.)
3 THINGS ABOUT THE PRESIDENT
NURSERY RHYMES
    $200 30
war & peace

Amy
    $200 6
(Kevin: Who is Adams?)
(Alex: Be more specific.)

Samuel Adams

Kevin
    $200 1
absurd

Kevin
    $200 28
soccer

Kevin
    $200 27
Grover Cleveland

Garrett
    $200 7
Little Bo Peep

Garrett
    $400 29
the Treasury

Kevin
    $400 23
Miller

Garrett
    $400 2
sardonic

Kevin
    $400 15
football

Garrett
    $400 22
Calvin Coolidge

Triple Stumper
    $400 8
Old Mother Hubbard

Kevin
    $600 21
the Federal Reserve Bank

Kevin
    $600 24
Stella

Kevin
    $600 3
secretary

Amy
    $600 14
college basketball

Amy
    $600 18
Gerald Ford

Garrett
    $600 9
Jack Sprat

Kevin
    $800 20
a plate

Triple Stumper
    $800 25
(Amy: Who are Coors?)

Busch

Amy
Triple Stumper
    $800 4
abdicate

Amy
    $800 13
hockey

Kevin
    $2,400 17
Taft

Garrett
    $800 10
Georgie Porgie

Garrett
    $1000 19
Gilbert Stuart

Triple Stumper
    $1000 26
(Alex: Less than a minute now.)

Guinness

Garrett
    $1000 5
acrimony

Amy
    $1000 12
(Alex: It's awarded to the woman's singles champion at Wimbledon in [*].)

tennis

Triple Stumper
    $1000 16
(Ulysses) Grant

Garrett
    $1000 11
Little Boy Blue

Triple Stumper

Scores at the first commercial break (after clue 15):

Garrett Kevin Amy
$1,400 $2,600 $3,000

Scores at the end of the Jeopardy! Round:

Garrett Kevin Amy
$7,000 $4,400 $2,400

Double Jeopardy! Round responses

JAMES BOND
DIAMONDS ARE FOREVER
DOCTOR, NO!
THE WORLD IS NOT ENOUGH
DYE ANOTHER DAY
YOUR 4 "I"s ONLY
(Alex: There will be four of the letter "I" in each correct response.)
    $400 6
a jet pack

Amy
    $400 28
carbon

Amy
    $400 27
(Garrett: What are pipes?)

cigarettes

Garrett
Triple Stumper
    $400 15
Mars

Amy
    $400 21
a red-letter day

Kevin
    $400 1
Mississippi

Amy
    $800 7
Q

Garrett
    $800 30
(Kevin: What is a De Beers diamond?)
(Amy: What is the Cartier diamond?)

Tiffany's

KevinAmy
Triple Stumper
    $800 20
Freud

Kevin
    $800 16
wormholes

Garrett
    $800 22
(Garrett: What is Black Tuesday?)
(Kevin: What is Black Friday?)
(Amy: What is [*]?)
(Alex: Yes.)
[Audience laughs]

Black Thursday

GarrettKevinAmy
    $800 2
diminishing

Kevin
    $1200 8
Pierce Brosnan

Garrett
    $1,200 24
(Alex: And we have less than a minute now.)
[ERRATUM: The clue had a period after "diamonds" instead of a comma.]

clarity

Kevin
    $1200 11
mercury

Kevin
    $1200 17
Contact

Garrett
    $1200 25
Green Day

Garrett
    $1200 3
gingivitis

Kevin
    $1600 9
die

Kevin
    $1600 23
the Mohs scale

Kevin
    $1600 12
leeches

Amy
    $4,000 18
(Garrett: What is Discworld?)

Ringworld

Garrett
    $1600 29
Ruby Tuesday

Amy
    $1600 4
(Amy: [Shakes head])
(Alex: Oh, blank.)

wikiwiki

Amy
Triple Stumper
    $2000 10
Blofeld

Kevin
    $2000 14
the Koh-i-Noor

Triple Stumper
    $2000 13
the skull

Garrett
    $2000 19
Solaris

Amy
    $2000 26
epilepsy

Kevin
    $2000 5
(Garrett: What is a nihilist?)

nihilistic

Garrett
Triple Stumper

Scores at the end of the Double Jeopardy! Round:

Garrett Kevin Amy
$7,000 $15,600 $7,600
(lock game)

[wagering suggestions for these scores]

Final Jeopardy! Round responses

THE AMERICAS
GarrettWhat is Hispaniola?
$1,000
AmyWhat is HispaƱola?
$7,600
KevinWhat is Bermuda?
$300
Hispaniola (HispaƱola)

Final scores:

Garrett Kevin Amy
$8,000 $15,300 $15,200
3rd place: $1,000 New champion: $15,300 2nd place: $2,000

Game dynamics:

Coryat scores:

Garrett Kevin Amy
$9,400 $15,600 $7,600
15 R
(including 1 DD),
4 W
(including 1 DD)
20 R
(including 1 DD),
2 W
13 R,
3 W

Combined Coryat: $32,600

The J! Archive is created by fans, for fans. The Jeopardy! game show and all elements thereof, including but not limited to copyright and trademark thereto, are the property of Jeopardy Productions, Inc. and are protected under law. This website is not affiliated with, sponsored by, or operated by Jeopardy Productions, Inc. Join the discussion at JBoard.tv.